1108 1434 1567 1494 1806 1231 1436 1000 1585 1322 1262 1319 1644 1747 1931 1591 1695 1941 1368 1687 1389 1354 1011 1857 1910 1763 1800 1170 1082 1964 1123 1053 1580 1081 1428 1122 1686 1644 1832 1293 1679 1914 1137 1923 1001 1234 1440 1944 1281 1969 1793 1528 1568 1175 1672 1141 1524 1830 1138 1883 1637 1264 1404 1097 1232 1394 1156 1503 1093 1123 1147 1115 1319 1333 1696 1596 1332 1410 1067 1421 1572 1325 1738 1452 1506 1596 1841 1324 1657 1616 1874 1686 1071 1943 1603 1440 1180 1905 1593 BCNSPRNW ULIB Ver.6.0+V

เปลี่ยนเป็นภาษาไทย

Change to English
 แสดงรายละเอียดบรรณานุกรม
  กลับหน้าหลัก

Brief Record : Get Marc (ISO 2709) : E-mail record : QR code < ปิดหน้าต่าง
LEADER : 00000nam 2200000uu 4500
001    13399120174
003     ULIB
008    120905s2545||||th 000 0 tha d
020    ^a9742946604
060  4 ^aWX205^bส816ค
100    ^aสุนันทา ศรีวิวัฒน์
245    ^aคู่มือ รถพยาบาล /^cสุนันทา ศรีวิวัฒน์และคณะ
260    ^a[นนทบุรี] :^bโครงการสวัสดิการวิชาการ สถาบันพระบรมราชนก.^c2545.
300    ^a33 หน้า
650    ^aรถพยาบาลเคลื่อนที่.
710    ^aสถาบันพระบรมราชนก.^bโครงการสวัสดิการวิชาการ.
945    ^p45^l0^i032816
945    ^p45^l0^i032817
945    ^p45^l0^i032818
995    ^aทศพร
999    ^aทศพร
รายการนี้ยังไม่มีแท็ก
คุณยังไม่ได้ล็อกอิน คุณสามารถมีกิจกรรมร่วมกับเว็บไซต์ได้ แต่ต้องล็อกอินก่อน ::
  ล็อกอิน

รายการสื่อสารสนเทศ

ลำดับที่ ประเภท เลขเรียก/บาร์โค้ด สถานที่ สถานะ
- ไม่พบข้อมูล -

BibComment


ยังไม่เคยถูกคอมเมนท์

คอมเมนท์ทรัพยากรรายการนี้
  คอมเมนท์: คู่มือ รถพยาบาล ..


 Copyright 2026. Bcnsprnw @Library